000 00640nam a22001817a 4500
999 _c183794
_d183794
005 20220121141711.0
010 _aENG-130925-26
020 _a978-93-5187-431-7
_c630.00
035 _aEN-114457-58
037 _bDBAD
082 _a000
245 _aBSNL Junior Engineer Erstwhile TTA:
_bRecruitment Examination/
_cComplied & Edited By V.N. Jha
260 _aNew Delhi
_bUnique Publishers Pvt. Ltd`
_c2021
270 _bNew Delhi
_e110044
_aJ-2/1, Block B-1, Mohan Cooperative Industrial Estate, Mathura Road
_minfo@uniquepublishers.in
300 _a616p
_c28cm(pbk)
700 _aJha, V.N.
942 _2ddc
_cEN
_h000
_mBSN